Hacia una interpretación científica social de Centroamérica

Guardat en:
Dades bibliogràfiques
Autor principal: Escobar, Francisco
Format: Text
Publicat: San José: CSUCA
Etiquetes: Afegir etiqueta
Sense etiquetes, Sigues el primer a etiquetar aquest registre!

MARC

LEADER 00000 a a2200000 04500
001 20881
003
040 |a CRAI/IIS  |c CRAI/IIS 
090 |0 89410  
100 |a Escobar, Francisco  
245 |a Hacia una interpretación científica social de Centroamérica  
260 |a San José:   |b CSUCA  
300 |a 37 p.  
999 |c 2683  |d 2683